Sports Quiz

Random Sports or Basketball Quiz

NBA #1 Draft Picks Quiz Stats

 Plays Quiz Updated Jun 20, 2019

Score 0/52 Timer 10:00
31 Plays Today
Year (Team) Player % Correct
2003 (Cleveland)LeBron James
94.9%
2019 (New Orleans)Zion Williamson
93.2%
2016 (Philadelphia)Ben Simmons
89.6%
2012 (New Orleans)Anthony Davis
89.5%
2008 (Chicago)Derrick Rose
88.6%
2015 (Minnesota)Karl-Anthony Towns
87%
2018 (Phoenix)Deandre Ayton
86.4%
2017 (Philadelphia)Markelle Fultz
86.3%
2002 (Houston)Yao Ming
85.6%
2014 (Cleveland)Andrew Wiggins
85.2%
2004 (Orlando)Dwight Howard
82.6%
2007 (Portland)Greg Oden
81.9%
2009 (LA Clippers)Blake Griffin
79.9%
1997 (San Antonio)Tim Duncan
79.5%
1992 (Orlando)Shaquille O'Neal
78%
2013 (Cleveland)Anthony Bennett
76.8%
1996 (Philadelphia)Allen Iverson
74.1%
1979 (LA Lakers)Magic Johnson
73.3%
1991 (Charlotte)Larry Johnson
70.7%
2010 (Washington)John Wall
68.7%
1985 (NY Knicks)Patrick Ewing
66.5%
2005 (Milwaukee)Andrew Bogut
64.7%
1987 (San Antonio)David Robinson
64.3%
1994 (Milwaukee)Glenn Robinson
62.1%
1984 (Houston)Hakeem Olajuwon
60.6%
1993 (Orlando)Chris Webber
60.1%
Year (Team) Player % Correct
2001 (Washington)Kwame Brown
59.1%
1969 (Milwaukee)Kareem Abdul-Jabbar
58.8%
2011 (Cleveland)Kyrie Irving
56.8%
2006 (Toronto)Andrea Bargnani
55.3%
2000 (New Jersey)Kenyon Martin
53.6%
1999 (Chicago)Elton Brand
49.8%
1972 (Portland)LaRue Martin
49.2%
1982 (LA Lakers)James Worthy
45.2%
1974 (Portland)Bill Walton
44.5%
1995 (Golden State)Joe Smith
42%
1983 (Houston)Ralph Sampson
36.9%
1998 (LA Clippers)Michael Olowokandi
35.6%
1988 (LA Clippers)Danny Manning
34.8%
1990 (New Jersey)Derrick Coleman
29.7%
1986 (Cleveland)Brad Daugherty
24.1%
1975 (Atlanta)David Thompson
22.9%
1978 (Portland)Mychal Thompson
22.4%
1989 (Sacramento)Pervis Ellison
19.6%
1968 (San Diego)Elvin Hayes
16.8%
1981 (Dallas)Mark Aguirre
16.5%
1971 (Cleveland)Austin Carr
16%
1973 (Philadelphia)Doug Collins
12.4%
1970 (Detroit)Bob Lanier
12%
1980 (Golden State)Joe Barry Carroll
12%
1976 (Houston)John Lucas
10.6%
1977 (Milwaukee)Kent Benson
10.1%

You're not logged in!

Compare scores with friends on all Sporcle quizzes.
OR
Log In

Sporcle TV

Today on Sporcle TV


Watch our educational content, quiz creation guides, and fun videos on Sporcle TV.

Show Comments

Extras

Top Quizzes Today


Score Distribution

Your Account Isn't Verified!

In order to create a playlist on Sporcle, you need to verify the email address you used during registration. Go to your Sporcle Settings to finish the process.

Report this User

Report this user for behavior that violates our Community Guidelines.

Details: